000 00485nam a2200181 a 4500
001 1770798117503
003 YourLibrary
005 20260211135741.0
008 260211s2007##################000#0#eng##
020 _a9780789036049
082 0 4 _a306.85
_bDEF
100 1 _aDeFrain, John D.,
_eauthor.
245 1 0 _aStrong Families Around the World :
260 _bRoutledge,
_c2007.
650 0 _aCross-cultural studies.
942 _cENGLISH
040 _aYourLibrary
_beng
_cYourLibrary
999 _c611592
_d611592